000 00367nam a22001457a 4500
008 250415b |||||||| |||| 00| 0 eng d
020 _a0256115915
050 _aHD2785
_b.B78
100 _aBOWER, Joseph
245 _aBusiness Policy Managing Strategic Processes
250 _a8th
260 _aU.S.A
_bRichard D. Irwin
_c1995
300 _axviii, 885p.
942 _cBK
999 _c3006
_d3006